| 000 | 00385nam a22001697a 4500 | ||
|---|---|---|---|
| 005 | 20160627114114.0 | ||
| 008 | 160627b xxu||||| |||| 00| 0 eng d | ||
| 020 | _a0-7515-3355-6 | ||
| 041 | _aeng | ||
| 082 | _b10449 | ||
| 100 |
_aOkawa, Rynho _92916 |
||
| 245 | _aThe Essence of Buddha | ||
| 260 |
_bTime Warner _c2002 |
||
| 300 | _a191 | ||
| 650 |
_aManagement _9241 |
||
| 942 | _cBK | ||
| 999 |
_c4219 _d4218 |
||